ბათუმის შოთა რუსთაველის სახელმწიფო უნივერსიტეტის ბიბლიოთეკა

მეწარმეობის ფორმირებისა და განვითარების თავისებურებანი საქართველოში (ბიბ.ჩანაწერი № 34433)

000 -LEADER
fixed length control field 01046nam a2200253Ia 4500
001 - CONTROL NUMBER
control field 174
003 - CONTROL NUMBER IDENTIFIER
control field GE_BSU
008 - FIXED-LENGTH DATA ELEMENTS--GENERAL INFORMATION
fixed length control field 181216s||||||||xx |||||||||||||| ||und||
020 ## - INTERNATIONAL STANDARD BOOK NUMBER
International Standard Book Number 9994020161
040 ## - CATALOGING SOURCE
Transcribing agency GE_BSU
080 ## - UNIVERSAL DECIMAL CLASSIFICATION NUMBER
Universal Decimal Classification number 664(479.22)(075.8)
100 ## - MAIN ENTRY--PERSONAL NAME
Personal name ერქომაიშვილი,გულნაზ
245 ## - TITLE STATEMENT
Title მეწარმეობის ფორმირებისა და განვითარების თავისებურებანი საქართველოში
245 ## - TITLE STATEMENT
Statement of responsibility, etc. რედ.ო საღარეიშვილი
260 ## - PUBLICATION, DISTRIBUTION, ETC.
Place of publication, distribution, etc. თბილისი
260 ## - PUBLICATION, DISTRIBUTION, ETC.
Name of publisher, distributor, etc. თბილისის უნივერსიტეტის გამომცემლობა
260 ## - PUBLICATION, DISTRIBUTION, ETC.
Date of publication, distribution, etc. 2004
300 ## - PHYSICAL DESCRIPTION
Extent 260გვ.
653 ## - INDEX TERM--UNCONTROLLED
Uncontrolled term ბიზნესის ორგანიზაცია
653 ## - INDEX TERM--UNCONTROLLED
Uncontrolled term კვების მრეწველობა საქართველოში
653 ## - INDEX TERM--UNCONTROLLED
Uncontrolled term მეწარმეობა
942 ## - ADDED ENTRY ELEMENTS (KOHA)
Koha item type წიგნი
ეგზემპლარები
Withdrawn status Lost status Damaged status Not for loan Date acquired Barcode Date last seen Price effective from Koha item type
        2018-12-17 2083 2018-12-17 2018-12-17 წიგნი
        2018-12-17 2082 2018-12-17 2018-12-17 წიგნი